[Event "2. AUT Bundesliga 2020-21"]
[Site "Graz"]
[Date "2021.03.12"]
[Round "1.1"]
[White "Gelbenegger, Patrick"]
[Black "Rogic, Davor"]
[Result "0-1"]
[WhiteElo "2248"]
[BlackElo "2492"]
[Annotator "TA"]
[PlyCount "118"]
[EventDate "2021.01.17"]
[EventType "team-tourn"]
[EventCountry "AUT"]

{[%evp 22,118,-51,-51,-73,-76,-89,-90,-88,-98,-60,-73,-88,-114,-116,-131,-121,-110,-124,-117,-91,-137,-43,-50,-57,-50,-49,-54,-50,-91,-74,-81,-16,0,0,0,0,0,0,0,0,0,0,0,0,0,0,0,0,0,0,0,39,20,26,0,0,-120,-99,-109,-126,-685,-556,-556,-640,-641,-618,-617,-584,-643,-325,-771,-429,-1606,-1588,-2799,-2252,-29975,-29976,-29974,-29976,-29977,-29973,-29978,-29979,-29983,-29984,-29984,-29985,-29985,-29986,-29986,-29987,-29987,-29988,-29988,-29986,-29993,-29994]} 1. e4 c5 2. Nf3 d6 3. d4 cxd4 4. Nxd4 Nf6 5. Nc3 a6 6. Be2 e5 7. Nb3 Be7 8. O-O O-O 9. f4 b5 10. Bf3 Bb7 11. a3 Nbd7 12. Kh1 Rc8 {B92: Sicilian Najdorf: 6 Be2.} 13. Re1 {[#]} Re8 $146 ({Predecessor:} 13... Qc7 14. Re2 Rfe8 15. Qe1 Bf8 16. f5 h6 17. Qg3 Kh8 18. Bd2 Nb6 19. Na5 Ba8 20. Rae1 {½-½ (20) Seitaj,I (2386)-Soylu,S (2385) Istanbul 2001}) 14. f5 h6 {Black is better.} 15. Qd3 Nb6 16. Na5 Ba8 17. Be3 {[#]} d5 $1 {[%cal Rd5d4]} 18. exd5 Nbxd5 19. Nxd5 Nxd5 20. Bd2 Bf6 21. Nb3 Ne7 (21... e4 $1 $17 {[%cal Re4d3]} 22. Rxe4 Ne7) 22. Qxd8 $15 Rcxd8 23. Ba5 Rc8 {Threatens to win with ...Bxf3.} 24. Bxa8 Rxa8 25. g4 Rac8 26. c3 Nc6 ({Black should play} 26... h5 $17 27. Bb4 hxg4 28. Bxe7 Rxe7) 27. Bb6 $11 Rb8 28. Be3 Be7 29. Rad1 Red8 30. Kg2 a5 31. Kf3 a4 32. Nc5 Bxc5 33. Bxc5 f6 34. Ke4 Kf7 35. h4 Ke8 36. g5 hxg5 37. hxg5 fxg5 38. Bd6 Rb7 39. Kd5 {[#]} ({Don't blunder} 39. Bxe5 $2 Rxd1 40. Rxd1 Nxe5 $19) (39. Bc5 $11 {keeps the balance.}) 39... Na5 $1 $17 {[%cal Ra5c4] Strongly threatening ...Nc4.} 40. Ke6 ({Not} 40. Kxe5 $2 Nc4+ 41. Kd4+ Kf7 $19) ({Avoid the trap} 40. Rxe5+ $2 Kf7 $19) 40... Nc4 41. Rh1 $2 {[%mdl 8192] Loses the game.} (41. Bc5 $17 Ra8 42. Rh1 Ra6+ 43. Kd5 Rd7+ 44. Ke4 Rxd1 45. Rxd1) 41... Rxd6+ $19 {[%mdl 64] Remove Defender} 42. Rxd6 {[%cal Rh1h8][%mdl 4096] Endgame KRR-KRN} Re7+ 43. Kd5 {Hoping for f6.} Nxd6 44. Kxd6 {KR-KR} Kf7 45. Kc6 Kf6 46. Rb1 $2 (46. Re1 g4 47. Kxb5 Rb7+ 48. Kxa4 Rxb2 49. Rg1 Kxf5 50. c4) 46... Kxf5 47. Kxb5 (47. Rf1+ $142 Ke4 48. Re1+ Kf4 49. Rf1+ Ke3 50. Kd6) 47... e4 48. Kxa4 e3 49. b4 e2 {Black mates.} 50. Re1 Kf4 51. c4 Kf3 52. c5 Kf2 53. Rxe2+ Kxe2 {KR-K3P} 54. b5 g4 55. b6 g3 56. c6 g2 57. c7 g1=Q 58. c8=Q Qd4+ 59. Ka5 Qd5+ {Weighted Error Value: White=0.65/Black=0.23} 0-1

[Event "2. AUT Bundesliga 2020-21"]
[Site "Graz"]
[Date "2021.03.12"]
[Round "1.2"]
[White "Ragger, Anna-Christina"]
[Black "Breneis, Lukas"]
[Result "0-1"]
[WhiteElo "2198"]
[BlackElo "2252"]
[Annotator "TA"]
[PlyCount "52"]
[EventDate "2021.01.17"]
[EventType "team-tourn"]
[EventCountry "AUT"]

{[%evp 9,52,51,55,20,19,9,22,9,31,0,75,71,97,21,93,95,79,52,121,114,112,117,131,110,110,62,141,130,136,126,195,134,148,70,77,38,439,443,432,-33,366,-29997,-30,-29998,-29999]} 1. d4 Nf6 2. Bf4 g6 3. Nc3 Bg7 4. e4 d6 5. Qd2 c6 6. f3 {B07: Pirc Defence: Miscellaneous Systems.} b5 7. O-O-O b4 8. Nce2 {The position is equal.} a5 9. Bh6 Kf8 (9... Bxh6 $11 10. Qxh6 a4) 10. h4 a4 11. h5 {[#]} ({White should try} 11. Bxg7+ $16 Kxg7 12. Qxb4) 11... b3 $146 (11... Nxh5 $11 {remains equal.} 12. g4 b3) ({Predecessor:} 11... Na6 12. Qg5 b3 13. cxb3 axb3 14. a3 Nc7 15. d5 cxd5 16. exd5 Nb5 17. Nd4 Nxd4 18. Rxd4 {0-1 (33) Tangane,G-Khoa,G Gaborone 2013}) 12. cxb3 axb3 13. a3 ({Of course not} 13. axb3 $6 Qb6 $11) 13... Ba6 (13... Nxh5 $14 14. g4 Nf6) 14. Bxg7+ Kxg7 15. h6+ Kf8 16. Nh3 Nbd7 17. Nc3 Qa5 (17... Bxf1 $14 18. Rhxf1 e6) 18. Bxa6 $16 Rxa6 19. Rhe1 e6 (19... Nb6 $16) 20. Ng5 (20. Kb1 $18) 20... c5 21. e5 (21. dxc5 $16 Qxc5 22. e5 dxe5 23. Nge4 Nxe4 24. Qxd7) 21... cxd4 $14 22. Qxd4 {[#] aiming for f4.} Nxe5 $2 {[%mdl 8192]} (22... dxe5 $14 23. Qc4 Ke7) 23. Nge4 $18 Nxe4 24. Nxe4 (24. Rxe4 $18 f6 25. f4) 24... Qc7+ $2 {[%mdl 8192]} (24... Ke7 $15 {stays ahead.}) 25. Kb1 $4 {[%mdl 8192]} (25. Nc3 $18) 25... Qc2+ {[%mdl 64] Double Attack} 26. Ka1 {[#] And now Qb4! would win.} Rxa3+ $1 {[%mdl 512] Weighted Error Value: White=0.80/Black=0.89} 0-1

[Event "2. AUT Bundesliga 2020-21"]
[Site "Graz"]
[Date "2021.03.12"]
[Round "1.3"]
[White "Meyer, Gordon"]
[Black "Bauer, Sebastian"]
[Result "0-1"]
[WhiteElo "2216"]
[BlackElo "2280"]
[Annotator "TA"]
[PlyCount "72"]
[EventDate "2021.01.17"]
[EventType "team-tourn"]
[EventCountry "AUT"]

{[%evp 10,72,25,25,27,12,18,18,24,22,45,30,43,-31,-31,-30,-13,-56,-58,-86,-55,-60,-55,-36,-50,-56,-29,-72,-53,-71,-76,-133,-115,-119,-96,-139,-139,-162,-121,-119,-126,-141,-138,-110,-65,-67,-32,-110,-110,-132,-129,-709,-688,-602,-262,-1364,-1665,-1615,-1608,-1543,-1476,-1512,-1399,-29988,-29989]} 1. e4 e5 2. Bc4 Nf6 3. d3 Nc6 4. Nf3 Bc5 5. O-O d6 6. c3 a5 {6...h6 is the modern continuation. C54: Giuoco Piano: 4 c3 Nf6, main lines with 5 d4 and 5 d3.} 7. Re1 O-O 8. Bg5 h6 {The position is equal.} 9. Bh4 g5 10. Bg3 Ba7 {[#]} 11. Qd2 $146 (11. Na3 $14) ({Predecessor:} 11. Na3 Bg4 12. Nc2 Bh5 13. h3 Kg7 14. Ne3 Ne7 15. Bb3 Qd7 16. Bc2 Bxe3 17. Rxe3 {½-½ (50) Duda,J (2743)-Anton Guijarro,D (2679) Wijk aan Zee 2021}) 11... Nh5 $15 12. Na3 Qf6 13. Nb5 Bb6 14. d4 Bg4 15. Re3 Nf4 16. Bxf4 gxf4 17. Rd3 Rae8 18. Re1 Kh8 19. Kh1 Rg8 20. Ng1 ({White should try} 20. Bd5) 20... Qg6 {( -> ...Bf3!)} 21. f3 Bc8 22. a3 a4 23. Ba2 Qh5 24. Qc2 Bd7 25. Rd2 exd4 26. Nxd4 Nxd4 27. cxd4 Ba5 {White must now prevent ...Rg7.} 28. Red1 (28. Rc1 $15) 28... Bxd2 $17 29. Rxd2 Rc8 30. Ne2 $2 {[%mdl 8192] [#] This move loses the game for White.} (30. Qc1 $17) 30... Rxg2 $3 $19 {[%mdl 576] Clearance} 31. Kxg2 {And now Ng1 would win.} Qh3+ (31... Rg8+ $142 32. Ng3 fxg3 33. hxg3 Qh4) 32. Kf2 $2 (32. Kg1 Rg8+ 33. Ng3) 32... Qxh2+ 33. Ke1 Qh4+ 34. Ng3 fxg3 35. Ke2 g2 36. Qc1 Bb5+ {Weighted Error Value: White=0.78/Black=0.28} 0-1

[Event "2. AUT Bundesliga 2020-21"]
[Site "Graz"]
[Date "2021.03.12"]
[Round "1.4"]
[White "Guetz, Wolfgang"]
[Black "Wiesinger, Robert"]
[Result "1/2-1/2"]
[WhiteElo "2061"]
[BlackElo "2239"]
[Annotator "broadcasts"]
[PlyCount "43"]
[EventDate "2021.01.17"]
[EventType "team-tourn"]
[EventCountry "AUT"]
[TimeControl "40/5400+30:1800+30"]

1. e4 {[%emt 0:00:00]} e5 {[%emt 0:00:00]} 2. Nf3 {[%emt 0:00:00]} Nc6 {[%emt 0:00:00]} 3. d4 {[%emt 0:00:00]} exd4 {[%emt 0:00:00]} 4. Nxd4 {[%emt 0:00:00]} Nf6 {[%emt 0:00:10]} 5. Nxc6 {[%emt 0:00:20]} bxc6 {[%emt 0:00:13]} 6. Bd3 {[%emt 0:01:07]} d5 {[%emt 0:03:16]} 7. exd5 {[%emt 0:00:19]} cxd5 {[%emt 0:00:29]} 8. O-O {[%emt 0:00:25]} Be7 {[%emt 0:00:41]} 9. h3 {[%emt 0:02:46]} O-O {[%emt 0:00:53]} 10. Nd2 {[%emt 0:02:55]} c5 {[%emt 0:40:56]} 11. c3 {[%emt 0:03:06]} h6 {[%emt 0:04:00]} 12. Nf3 {[%emt 0:02:04]} Bd6 {[%emt 0:00:37]} 13. Be3 {[%emt 0:04:14]} Re8 {[%emt 0:07:01]} 14. Re1 {[%emt 0:09:54]} Be6 {[%emt 0:04:10]} 15. Qa4 {[%emt 0:25:03]} Bd7 {[%emt 0:03:54]} 16. Qh4 {[%emt 0:02:12]} a5 {[%emt 0:11:52]} 17. g4 {[%emt 0:07:03]} Ne4 {[%emt 0:01:57]} 18. Qh5 {[%emt 0:04:00]} Nf6 {[%emt 0:03:03]} 19. Qh4 {[%emt 0:00:47]} Ne4 {[%emt 0:01:06]} 20. Qh5 {[%emt 0:00:07]} Nf6 {[%emt 0:00:05]} 21. Qh4 {[%emt 0:00:04]} Ne4 {[%emt 0:00:08]} 22. Qh5 {[%emt 0:00:08]} 1/2-1/2

[Event "2. AUT Bundesliga 2020-21"]
[Site "Graz"]
[Date "2021.03.12"]
[Round "1.5"]
[White "Raber, Florian"]
[Black "Kobas, Mihael"]
[Result "1-0"]
[WhiteElo "2128"]
[BlackElo "2030"]
[Annotator "TA"]
[PlyCount "67"]
[EventDate "2021.01.17"]
[EventType "team-tourn"]
[EventCountry "AUT"]

{[%evp 15,67,27,21,35,73,58,64,61,75,71,69,46,56,42,58,25,54,54,56,66,89,89,89,65,71,71,68,69,77,68,66,72,93,81,220,219,218,212,210,203,339,199,308,163,262,247,382,343,29984,29985,29983,29984,1980,797]} 1. d4 Nf6 2. c4 g6 3. Nc3 Bg7 4. e4 d6 5. Nf3 O-O 6. Be2 Na6 7. O-O e5 8. Bg5 h6 9. Be3 {E94: King's Indian: Classical: 6 Be2 e5 7 0-0: Various Black 7th moves.} exd4 10. Nxd4 (10. Bxd4 Re8 $11) 10... Nc5 11. f3 {White is slightly better.} a5 {[#]} 12. b3 $146 ({Predecessor:} 12. Ndb5 Ne6 13. Qd2 Kh7 14. Rad1 Bd7 15. f4 Bxb5 16. cxb5 Nd7 17. f5 Nec5 18. Qc2 {1-0 (47) Perez,D (1879)-Zorrilla Videla,M (1268) Asuncion 2019}) 12... Bd7 13. a3 {[%cal Ba2a3,Ba3b4][%mdl 32]} Re8 14. Qd2 Kh7 15. b4 axb4 16. axb4 Rxa1 17. Rxa1 Na6 18. Nc2 Qe7 19. Ra5 Rd8 20. Nd5 Nxd5 21. cxd5 f5 22. Bd3 fxe4 23. Bxe4 Rf8 24. Nd4 Bf5 {This costs Black the game.} (24... Re8 $16) 25. Bxf5 $18 gxf5 26. Ne6 Rg8 27. Qc2 Qh4 (27... Qf7 {was called for.} 28. Ra4 Qh5) 28. Qxf5+ Kh8 {[%cal Rh4e1]} 29. Qb1 (29. g3 $142 Qf6 30. Qxf6 Bxf6 31. b5) 29... Be5 {[#]} (29... Qxb4 {was worth a try.} 30. Qxb4 Nxb4) 30. f4 $1 $40 {[%cal Rf4e5][%mdl 128] White goes for the king.} ({But not} 30. g3 $2 Bxg3 31. Ra2 Be5+ 32. Kh1 Nxb4 $19) 30... Qh3 {[#]} (30... Bf6 {keeps fighting.} 31. Bf2 Qh5) 31. Qe4 $1 Bc3 (31... Rxg2+ $18 32. Qxg2 Qxe3+ 33. Qf2 Qc1+ 34. Kg2 Bf6) 32. Bd4+ Bxd4+ 33. Qxd4+ ({Not} 33. Nxd4 Qc3 $16) 33... Kh7 {[#]} 34. Nf8+ $1 {[%mdl 512] Weighted Error Value: White=0.09/Black=0.59} 1-0

[Event "2. AUT Bundesliga 2020-21"]
[Site "Graz"]
[Date "2021.03.12"]
[Round "1.6"]
[White "Egger, Philipp"]
[Black "Ring, Rudolf"]
[Result "1-0"]
[WhiteElo "1999"]
[BlackElo "1737"]
[Annotator "broadcasts"]
[PlyCount "63"]
[EventDate "2021.01.17"]
[EventType "team-tourn"]
[EventCountry "AUT"]
[TimeControl "40/5400+30:1800+30"]

1. d4 {[%emt 0:00:00]} d5 {[%emt 0:00:00]} 2. c4 {[%emt 0:00:00]} c6 {[%emt 0:00:17]} 3. Nc3 {[%emt 0:00:16]} Nf6 {[%emt 0:00:32]} 4. Nf3 {[%emt 0:02:04]} e6 {[%emt 0:00:28]} 5. e3 {[%emt 0:02:50]} Be7 {[%emt 0:02:45]} 6. Qc2 {[%emt 0:01:25]} Nbd7 {[%emt 0:05:19]} 7. cxd5 {[%emt 0:06:13]} exd5 {[%emt 0:02:37]} 8. Bd3 {[%emt 0:10:29]} h6 {[%emt 0:08:47]} 9. Bd2 {[%emt 0:02:42]} Nb6 {[%emt 0:03:55]} 10. Ne5 {[%emt 0:14:27]} Ng4 {[%emt 0:08:09]} 11. Nxg4 {[%emt 0:19:26]} Bxg4 {[%emt 0:00:24]} 12. O-O {[%emt 0:00:34]} Qd7 {[%emt 0:04:19]} 13. a4 {[%emt 0:01:22]} a6 {[%emt 0:03:34]} 14. Qb3 {[%emt 0:02:40]} Nc8 {[%emt 0:02:12]} 15. f3 {[%emt 0:05:36]} Be6 {[%emt 0:00:36]} 16. Qc2 {[%emt 0:03:25]} O-O {[%emt 0:00:55]} 17. f4 {[%emt 0:00:51]} f5 {[%emt 0:01:08]} 18. a5 {[%emt 0:03:01]} Na7 {[%emt 0:08:50]} 19. Na4 {[%emt 0:01:58]} Rae8 {[%emt 0:01:17]} 20. Rfc1 {[%emt 0:02:18]} Nc8 {[%emt 0:01:10]} 21. Qb3 {[%emt 0:00:46]} Rf7 {[%emt 0:10:02]} 22. Be2 {[%emt 0:02:08]} Kh7 {[%emt 0:00:16]} 23. Qc2 {[%emt 0:00:18]} Nd6 {[%emt 0:16:32]} 24. Nc5 {[%emt 0:02:20]} Qc8 {[%emt 0:01:29]} 25. Nd3 {[%emt 0:02:09]} Bf6 {[%emt 0:06:55]} 26. Ra4 {[%emt 0:02:46]} Nc4 {[%emt 0:01:23]} 27. Nc5 {[%emt 0:00:22]} Nd6 {[%emt 0:00:52]} 28. Bd3 {[%emt 0:00:21]} Ne4 {[%emt 0:01:09]} 29. Bxe4 {[%emt 0:03:25]} fxe4 {[%emt 0:00:01]} 30. Rb4 {[%emt 0:00:23]} Bd8 {[%emt 0:01:09]} 31. Qa4 {[%emt 0:00:44]} Qc7 {[%emt 0:01:24]} 32. Rxb7 1-0

[Event "2. AUT Bundesliga 2020-21"]
[Site "Graz"]
[Date "2021.03.12"]
[Round "1.7"]
[White "Nagy, Gabor"]
[Black "Bachlechner, Julian"]
[Result "1-0"]
[WhiteElo "2516"]
[BlackElo "2214"]
[Annotator "broadcasts"]
[PlyCount "43"]
[EventDate "2021.01.17"]
[EventType "team-tourn"]
[EventCountry "AUT"]
[TimeControl "40/5400+30:1800+30"]

1. d4 {[%emt 0:00:00]} e6 {[%emt 0:00:00]} 2. Nf3 {[%emt 0:00:00]} Nf6 {[%emt 0:00:02]} 3. c4 {[%emt 0:00:15]} Bb4+ {[%emt 0:00:39]} 4. Nbd2 {[%emt 0:00:44]} O-O {[%emt 0:01:09]} 5. g3 {[%emt 0:01:15]} d5 {[%emt 0:00:54]} 6. Bg2 {[%emt 0:00:58]} c5 {[%emt 0:01:58]} 7. dxc5 {[%emt 0:01:36]} Bxc5 {[%emt 0:02:02]} 8. O-O {[%emt 0:00:33]} Nc6 {[%emt 0:00:51]} 9. a3 {[%emt 0:04:02]} a5 {[%emt 0:01:32]} 10. cxd5 {[%emt 0:01:03]} Nxd5 {[%emt 0:02:42]} 11. Qc2 {[%emt 0:03:10]} Ba7 {[%emt 0:01:57]} 12. e4 {[%emt 0:02:48]} Nf6 {[%emt 0:01:15]} 13. Nc4 {[%emt 0:03:59]} Qe7 {[%emt 0:05:22]} 14. Bf4 {[%emt 0:02:11]} Rd8 {[%emt 0:01:49]} 15. Rac1 {[%emt 0:08:45]} Nh5 {[%emt 0:05:40]} 16. Bd2 {[%emt 0:01:55]} Bb8 {[%emt 0:05:58]} 17. e5 {[%emt 0:03:12]} b5 {[%emt 0:15:46]} 18. Ng5 {[%emt 0:02:21]} Qc7 {[%emt 0:04:08]} 19. Qxh7+ {[%emt 0:00:12]} Kf8 {[%emt 0:00:16]} 20. Qh8+ {[%emt 0:00:13]} Ke7 {[%emt 0:00:06]} 21. Qxh5 {[%emt 0:00:05]} Rf8 {[%emt 0:01:21]} 22. Nxa5 {[%emt 0:00:35]} 1-0

[Event "2. AUT Bundesliga 2020-21"]
[Site "Graz"]
[Date "2021.03.12"]
[Round "1.8"]
[White "Frank, Emanuel"]
[Black "Kuba, Guenter"]
[Result "1-0"]
[WhiteElo "2242"]
[BlackElo "2348"]
[Annotator "TA"]
[PlyCount "95"]
[EventDate "2021.01.17"]
[EventType "team-tourn"]
[EventCountry "AUT"]

{[%evp 16,95,80,0,0,0,0,-5,0,0,0,0,0,0,-11,0,66,75,196,-16,-16,-20,-10,-10,-10,-11,-11,-6,15,15,15,16,14,17,17,10,10,15,16,12,20,20,21,19,28,27,33,21,75,77,179,186,191,190,186,186,186,185,179,179,231,219,241,200,254,249,310,310,562,546,29971,29972,29955,1004,29980,957,29983,29984,29984,29985,29985,116]} 1. d4 d5 2. c4 Nc6 3. Nc3 Nf6 4. Nf3 dxc4 5. e4 Bg4 6. Be3 e6 7. Bxc4 Bb4 8. Qd3 O-O 9. O-O (9. Nd2 $1 $16) 9... Bxf3 $11 {D07: Queen's Gambit: Chigorin Defence.} 10. gxf3 Nh5 {[#]} 11. a3 $146 ({Predecessor:} 11. e5 Qe7 12. Qe4 f5 13. exf6 Qxf6 14. Qxe6+ Qxe6 15. Bxe6+ Kh8 16. Nd5 Bd6 17. Rac1 {½-½ (29) Cumbers,P (2174)-Longson,S (2177) England 2018}) 11... Bxc3 {The position is equal.} 12. bxc3 Qf6 13. e5 Qxf3 14. Qe2 Qh3 15. f4 Ne7 (15... g6 $11) 16. Rf3 $1 $14 {[%cal Rf3h3][%mdl 1024] White has compensation.} Qh4 (16... Qg4+ $16 17. Kh1 Nf5) 17. Kh1 $2 (17. Qg2 $1 $18) 17... Nf5 $11 18. Rg1 g6 19. Rg5 $1 Nxe3 20. Qxe3 c5 21. d5 b5 22. Be2 exd5 23. Rh3 $1 {[%cal Rh3h4]} Qxf4 {...d4 is the strong threat.} (23... Qe1+ $2 24. Rg1 $18) 24. Bxh5 Qxe3 25. Rxe3 Rfe8 26. Bf3 Rad8 {With the idea ...f6!} 27. Rg1 d4 28. cxd4 cxd4 29. Re4 d3 30. Rd1 d2 31. Re2 Kg7 (31... Re7 $11 {keeps the balance.}) 32. Bc6 $16 {White leaves nothing to chance now.} Re7 (32... Re6 $16 33. Bxb5 Rb6) 33. Bxb5 $18 ({But not} 33. Rexd2 $6 Rxd2 34. Rxd2 Rxe5 $16) 33... Rd5 34. a4 Rexe5 35. Rxe5 Rxe5 36. Rxd2 {[%mdl 4096] Endgame KRB-KR} Re7 37. Kg2 f5 {[#]} (37... Kf6 $142 38. Kf3 Kg5 39. Rg2+ Kf5 40. Bd3+ Kf6) 38. Rd6 $1 Kh6 39. Kf3 Kg5 40. Bd3 Kh4 41. a5 Kh3 $2 {[#]} (41... Kg5 {was called for.} 42. a6 Rc7) 42. Bxf5+ $1 {[%mdl 512]} Kxh2 {[#]} (42... Kh4 43. Rd7) 43. Rd2+ $1 Kg1 44. Bd3 (44. Be4 $142 h5 45. Rg2+ Kh1 46. Rxg6 Rf7+ 47. Ke3+ Kh2 48. Rh6 Kg3 49. Rxh5) 44... Kh1 45. a6 (45. Be4 $142 Rxe4 46. Kxe4 h5 47. a6 g5 48. Rd7 h4 49. Rxa7 g4 50. Rg7) 45... g5 46. Be4 {White mates.} Kg1 {[#]} 47. Kg3 $1 {[%cal Rd2d1]} Kf1 48. Rd1+ {Weighted Error Value: White=0.15/Black=0.64} 1-0

[Event "2. AUT Bundesliga 2020-21"]
[Site "Graz"]
[Date "2021.03.12"]
[Round "1.9"]
[White "Csonka, Attila Istvan"]
[Black "Frank, Paul"]
[Result "1-0"]
[WhiteElo "2362"]
[BlackElo "2177"]
[Annotator "TA"]
[PlyCount "51"]
[EventDate "2021.01.17"]
[EventType "team-tourn"]
[EventCountry "AUT"]

{[%evp 21,51,-2,0,0,71,57,68,62,106,97,121,100,163,166,153,164,280,289,291,276,291,288,300,267,274,298,339,323,360,360,413,356]} 1. e4 c5 2. Nf3 Nc6 3. d4 cxd4 4. Nxd4 g6 5. Nb3 Bg7 6. Be2 Nf6 7. Nc3 O-O 8. O-O d6 9. Re1 Be6 10. Bf1 a5 11. a4 Rc8 {11...Bxb3 is vanishing.} 12. Nd5 {B70: Sicilian Dragon: 6 g3 and 6 Be2 (without a later Be3).} Nd7 (12... Bxd5 $11 13. exd5 Nb4) 13. c3 Nce5 14. Bg5 {White is slightly better.} Re8 15. Bb5 {[#]} Nc6 $146 ({Predecessor:} 15... Nc4 16. Qe2 Ncb6 17. Rad1 h6 18. Be3 Rf8 19. Nxa5 Bxd5 20. exd5 Rc7 21. Qd2 Qa8 {1-0 (50) Korba,N-Kim,W (1914) Los Angeles 2012}) 16. Qd2 Na7 (16... f6 $16 {was necessary.}) 17. Bxd7 $18 Bxd7 18. Be3 {Strongly threatening Bb6.} e6 {[#]} (18... Rc6 $142 19. Bxa7 e6) 19. Bb6 $1 {[%cal Rb6d8]} Qh4 {[#]} 20. g3 $1 Qg4 {[#]} 21. h3 $1 {[%mdl 64] Deflection} Qxh3 22. Nf4 {[%mdl 64] Discovered Attack} Qg4 23. Bxa7 e5 24. Nd5 ({And not} 24. Qxd6 Rc6 $11) 24... Qh3 25. Qg5 f6 26. Nxf6+ {Black got outplayed after the opening.  Weighted Error Value: White=0.02/Black=0.37} 1-0

[Event "2. AUT Bundesliga 2020-21"]
[Site "Graz"]
[Date "2021.03.12"]
[Round "1.10"]
[White "Heindl, Matthias"]
[Black "Postl, Anton"]
[Result "1-0"]
[WhiteElo "2200"]
[BlackElo "2290"]
[Annotator "TA"]
[PlyCount "55"]
[EventDate "2021.01.17"]
[EventType "team-tourn"]
[EventCountry "AUT"]

{[%evp 30,55,-14,-73,29,0,48,50,41,-29,-26,-34,16,0,59,9,68,0,68,90,148,95,222,144,136,102,517,531]} 1. c4 Nf6 2. Nc3 g6 3. g3 Bg7 4. Bg2 e5 5. Nf3 d6 6. d4 Nbd7 7. O-O O-O 8. h3 Re8 9. e4 c6 10. Be3 exd4 11. Nxd4 Nc5 12. Qc2 a5 13. Rfe1 a4 14. Rab1 Qe7 15. b4 axb3 16. axb3 (16. Nxb3 $11 Nfd7 17. Red1) 16... Bd7 {E69: King's Indian: Fianchetto: 6...Nbd7 7 0-0 e5 8 e4 c6 9 h3.} (16... Ncxe4 $6 17. Bf4 $11) (16... Nfxe4 $17 17. b4 Nxc3 18. Qxc3 Qc7 $1) 17. f3 {[#]} Qf8 $146 ({Predecessor:} 17... Nh5 18. b4 Ne6 19. Nde2 Ra3 20. Rb3 Rxb3 21. Qxb3 Qf6 22. Nd1 Ng5 23. Bd4 Qd8 24. Bxg7 Nxg7 {1-0 (40) Gutman,L (2465)-Timpel,K (2275) Germany 1992}) 18. b4 Ne6 {White is slightly better.} 19. Nb3 (19. Nde2 $14) 19... Nh5 $1 $11 {[%cal Rh5g3]} 20. Bf2 f5 21. exf5 gxf5 (21... Ng5 $11 22. fxg6 Nxf3+ 23. Bxf3 Qxf3 24. gxh7+ Kh8) 22. f4 Ra3 (22... Nexf4 $11 23. gxf4 Nxf4) 23. Ne2 (23. Qb2 $14) 23... Rea8 (23... Nf6 $1 $11) 24. Na5 Qc8 ({Black should play} 24... Nf6) 25. Rb3 ({Not} 25. Qxf5 $2 Nexf4 $1 {[%mdl 512]} 26. Qg5 h6 $1 $19) (25. Qd2 $142) 25... Ra4 (25... Rxb3 $16 26. Qxb3 Nf6) 26. Nc3 ({Avoid the trap} 26. Qxf5 $2 {[#]} Nexf4 $1 {[%mdl 512]} 27. Qe4 Nxg2 $19) 26... Nd4 27. Qd1 Nxb3 $4 {[%mdl 8192]} (27... R4xa5 $16 {is tougher.} 28. bxa5 (28. Bxd4 Ra1 $14) 28... Nxb3 29. Qxb3 Nf6) 28. Nxa4 {Weighted Error Value: White=0.42/Black=0.84} 1-0